Maria im Rosenhag madonnen bilder alter deutscher und niederlandisch flamischer Meister

Publicado: Konigstein : Leipzig : Robert Langewiesche
Descripción Física: 108 pàg. ; 26 cm
Idioma: German

MARC

LEADER 00000nam a22000005i 4500
001 24843
003 AGDB
005 20260324181537.0
008 180709s|||| xx ||||| |||||||| ||ger|c
035 |a (ES-BaCBU).b71216510 
035 |a 180984 
040 |a ES-BaURL  |b cat  |e rda  |c ES-BaURL 
041 |a ger 
245 1 0 |a Maria im Rosenhag madonnen bilder alter deutscher und niederlandisch flamischer Meister 
264 1 |a Konigstein :  |b Leipzig :  |b Robert Langewiesche,  |c [s.a.] 
300 |a 108 pàg. ;  |c 26 cm 
336 |a text  |b txt  |2 rdacontent 
337 |a sense mediació  |b n  |2 rdamedia 
338 |a volum  |b nc  |2 rdacarrier 
500 |a Prové del fons Joan Junyer i Pascual (1909-1994) 
650 |a Fons Joan Junyer i Pascual (1909-1994)  |9 72777 
907 |a .b71216510  |b 23-01-21  |c 10-07-18  |d 10-07-18  |e m  |f a  |g -  |h und  |i xx  |j 0  |k 1 
908 |a URL 
942 |2 udc  |c ARXIU  |n 1 
952 |0 0  |1 0  |4 0  |6 F504131  |7 1  |9 98550  |a Arxiu  |b Arxiu  |d 2025-10-22  |l 0  |o F-504-131  |p 24843  |r 2025-10-22 13:27:37  |w 2025-10-22  |y ARXIU 
999 |c 130301  |d 130301